[Event "RUS-ch Higher League 77th"]
[Site "Lipetsk"]
[Date "2025.06.29"]
[Round "4"]
[White "Kulnev, Aleksandr"]
[Black "Scheglov, Gleb"]
[Result "0-1"]
[WhiteElo "2213"]
[BlackElo "2336"]
[PlyCount "72"]
[EventDate "2025.06.26"]
[EventType "swiss"]
[EventRounds "9"]
[EventCountry "RUS"]
[SourceTitle "CB28_2025"]
[SourceDate "2025.07.09"]
[SourceVersion "1"]
[SourceVersionDate "2025.07.09"]
[SourceQuality "1"]

1. d4 Nf6 2. c4 e6 3. Nc3 Bb4 4. Qc2 0-0 5. e4 d5 6. e5 Ne4 7. Nf3 c5 8. Bd3 cxd4 9. Nxd4 f5 10. exf6 Nxf6 11. cxd5 exd5 12. 0-0 Nc6 13. Nxc6 bxc6 14. Ne2 Bd7 15. Bg5 Qc7 16. Bf4 Bd6 17. Bxd6 Qxd6 18. Rac1 Qe5 19. Qc3 Qg5 20. Qd4 Rae8 21. Qf4 Qxf4 22. Nxf4 Ng4 23. Nh5 Ne5 24. Be2 d4 25. f4 Ng4 26. Ng3 Ne3 27. Rf2 g6 28. Bd3 Kg7 29. Ne2 Rf6 30. h3 h5 31. Rc5 Bf5 32. Nc1 Nd1 33. Rd2 Re1+ 34. Kh2 Ne3 35. Kg3 Re6 36. Re5 Rxe5 0-1

[Event "Titled Tuesday intern op 11th Feb Early"]
[Site "Chess.com INT"]
[Date "2025.02.11"]
[Round "5"]
[White "Ernst, Robert"]
[Black "Scheglov, Gleb"]
[Result "1-0"]
[WhiteElo "2380"]
[BlackElo "2205"]
[PlyCount "101"]
[EventDate "2025.02.11"]
[EventType "swiss (blitz)"]
[EventRounds "11"]
[EventCountry "USA"]
[SourceTitle "CB09_2025"]
[SourceDate "2025.02.27"]
[SourceVersion "1"]
[SourceVersionDate "2025.02.27"]
[SourceQuality "1"]

1. Nf3 b6 2. e4 Bb7 3. Nc3 e6 4. d4 Bb4 5. Bd3 Nf6 6. Qe2 d5 7. exd5 Nxd5 8. Bd2 Bxc3 9. bxc3 Nc6 10. 0-0 Qd6 11. Ng5 Nf6 12. Rfe1 Ne7 13. a4 Ned5 14. a5 h6 15. Nf3 Nf4 16. Bxf4 Qxf4 17. Ne5 0-0 18. a6 Bc8 19. Bb5 Rd8 20. Qc4 Bd7 21. Bxd7 Nxd7 22. Qxc7 Nxe5 23. Qxe5 Qd2 24. Re3 Rd5 25. Qe4 Rc8 26. Qd3 Qxd3 27. Rxd3 e5 28. dxe5 Rxd3 29. cxd3 Rxc3 30. d4 Rd3 31. g3 Rxd4 32. Rc1 Ra4 33. Rc8+ Kh7 34. Rc7 Rxa6 35. Rxf7 Kg6 36. e6 b5 37. Rb7 Ra5 38. f4 Kf6 39. f5 a6 40. Rf7+ Kg5 41. e7 Ra1+ 42. Kg2 Ra2+ 43. Kf3 Ra3+ 44. Ke2 Ra2+ 45. Kd3 Ra3+ 46. Kd4 Ra4+ 47. Kd5 Ra1 48. e8Q Rd1+ 49. Kc5 Rc1+ 50. Kb6 Re1 51. Qxe1 1-0

[Event "Titled Tuesday intern op 11th Feb Early"]
[Site "Chess.com INT"]
[Date "2025.02.11"]
[Round "10"]
[White "King, Alexander B"]
[Black "Scheglov, Gleb"]
[Result "0-1"]
[WhiteElo "2263"]
[BlackElo "2205"]
[PlyCount "66"]
[EventDate "2025.02.11"]
[EventType "swiss (blitz)"]
[EventRounds "11"]
[EventCountry "USA"]
[SourceTitle "CB08_2025"]
[SourceDate "2025.02.19"]
[SourceVersion "1"]
[SourceVersionDate "2025.02.19"]
[SourceQuality "1"]

1. d4 Nf6 2. Nf3 c5 3. d5 b5 4. a4 b4 5. c4 g6 6. b3 Bg7 7. Bb2 0-0 8. Nbd2 Re8 9. e4 e6 10. Be2 exd5 11. exd5 Ba6 12. Nf1 d6 13. Ne3 Nxd5 14. Qxd5 Bxb2 15. Rd1 Bc3+ 16. Kf1 Nd7 17. Qxd6 Nb6 18. Qxc5 Qf6 19. a5 Rac8 20. Qg5 Qxg5 21. Nxg5 Na8 22. Nd5 Rc5 23. Bf3 Rxa5 24. Ne4 Nb6 25. Nef6+ Kf8 26. Nxe8 Kxe8 27. Nxb6 axb6 28. g3 b5 29. Kg2 bxc4 30. bxc4 Bxc4 31. Bd5 Bxd5+ 32. f3 Ra2+ 33. Kh3 Bxf3 0-1

[Event "Titled Tuesday intern op 04th Feb Late"]
[Site "Chess.com INT"]
[Date "2025.02.04"]
[Round "1"]
[White "Persson, Richard"]
[Black "Scheglov, Gleb"]
[Result "1-0"]
[WhiteElo "2106"]
[BlackElo "2205"]
[PlyCount "89"]
[EventDate "2025.02.04"]
[EventType "swiss (blitz)"]
[EventRounds "11"]
[EventCountry "USA"]
[SourceTitle "CB07_2025"]
[SourceDate "2025.02.12"]
[SourceVersion "1"]
[SourceVersionDate "2025.02.12"]
[SourceQuality "1"]

1. e4 e6 2. Be2 d5 3. d3 Nc6 4. f4 Bc5 5. Nf3 Nf6 6. e5 Ng4 7. d4 Bb6 8. c3 f6 9. h3 Nh6 10. 0-0 0-0 11. Na3 Bd7 12. Kh2 Be8 13. Bd3 f5 14. Ng5 Qe7 15. Nc2 Nf7 16. Nf3 Na5 17. Qe2 Kh8 18. Be3 Rd8 19. Rg1 g6 20. g4 Nc4 21. Bxc4 dxc4 22. Qxc4 Bc6 23. Qe2 Be4 24. Rg3 c5 25. Rag1 cxd4 26. Bxd4 Bxd4 27. Ncxd4 Bd5 28. gxf5 exf5 29. b3 Rfe8 30. Ng5 Nxg5 31. Rxg5 Be4 32. h4 Qc5 33. R1g3 Rxd4 34. cxd4 Qxd4 35. h5 Rc8 36. Qb5 Qf2+ 37. Kh3 Qf1+ 38. Qxf1 Kg7 39. hxg6 h6 40. Rh5 a6 41. Qa1 Kg8 42. Rxh6 Kg7 43. Rh7+ Kg8 44. e6 Rc1 45. Qg7# 1-0

[Event "Titled Tuesday intern op 04th Feb Late"]
[Site "Chess.com INT"]
[Date "2025.02.04"]
[Round "2"]
[White "Scheglov, Gleb"]
[Black "Boix Redorta, Roc"]
[Result "1-0"]
[WhiteElo "2205"]
[BlackElo "1961"]
[PlyCount "129"]
[EventDate "2025.02.04"]
[EventType "swiss (blitz)"]
[EventRounds "11"]
[EventCountry "USA"]
[SourceTitle "CB07_2025"]
[SourceDate "2025.02.12"]
[SourceVersion "1"]
[SourceVersionDate "2025.02.12"]
[SourceQuality "1"]

1. e4 e5 2. Nc3 Nf6 3. Nf3 Bc5 4. Be2 h5 5. Nxe5 Nc6 6. Nf3 Bb6 7. d4 d5 8. e5 Ne4 9. 0-0 Bg4 10. h3 Bxf3 11. Bxf3 Nxc3 12. bxc3 Ne7 13. a4 a5 14. Qd3 c5 15. Qb5+ Kf8 16. dxc5 Bc7 17. Re1 Rb8 18. Bg5 h4 19. Rad1 Qe8 20. Bxd5 Nxd5 21. Rxd5 f6 22. Bf4 fxe5 23. Bxe5 Bxe5 24. Rexe5 Qxb5 25. axb5 Kf7 26. Rf5+ Ke6 27. Rde5+ Kd7 28. Rf7+ Kd8 29. Rxg7 a4 30. c6 bxc6 31. bxc6 Kc8 32. Ra7 a3 33. Ree7 Rb1+ 34. Kh2 Kb8 35. c7+ Kxa7 36. c8Q+ Kb6 37. Qxh8 a2 38. Qd4+ Kc6 39. Qd7+ Kb6 40. Re6+ Ka5 41. Qa7+ Kb5 42. Re5+ Kc6 43. Qc5+ Kb7 44. Re7+ Ka6 45. Qc6+ Ka5 46. Re5+ Rb5 47. Rxb5+ Ka4 48. Rb3+ Ka5 49. Qc5+ Ka6 50. Ra3+ Kb7 51. Rxa2 Kb8 52. Kg1 Kb7 53. Kf1 Kb8 54. Ke2 Kb7 55. Ke3 Kb8 56. Ke4 Kb7 57. Ke5 Kb8 58. Ke6 Kb7 59. Ke7 Kb8 60. Ke8 Kb7 61. Ra7+ Kb8 62. Rf7 Ka8 63. Qe7 Kb8 64. Rf8 Ka8 65. Kf7# 1-0

[Event "Titled Tuesday intern op 04th Feb Late"]
[Site "Chess.com INT"]
[Date "2025.02.04"]
[Round "3"]
[White "Scheglov, Gleb"]
[Black "Harriott, Tyrell"]
[Result "1-0"]
[WhiteElo "2205"]
[BlackElo "1924"]
[PlyCount "103"]
[EventDate "2025.02.04"]
[EventType "swiss (blitz)"]
[EventRounds "11"]
[EventCountry "USA"]
[SourceTitle "CB07_2025"]
[SourceDate "2025.02.12"]
[SourceVersion "1"]
[SourceVersionDate "2025.02.12"]
[SourceQuality "1"]

1. e4 d5 2. e5 c5 3. Nf3 Nc6 4. Bb5 Bg4 5. 0-0 Qb6 6. Nc3 e6 7. h3 Bh5 8. Re1 Nge7 9. a4 0-0-0 10. Be2 Qc7 11. Nb5 Qd7 12. Ng5 Bxe2 13. Qxe2 Ng6 14. Nf3 Kb8 15. c3 Be7 16. d4 c4 17. Bg5 Na5 18. Qe3 Nb3 19. Rad1 Rhe8 20. Nd2 Nxd2 21. Qxd2 h6 22. Bxe7 Rxe7 23. Qc2 Qc6 24. b3 cxb3 25. Qxb3 Rc8 26. Rb1 Nf4 27. Kh2 g5 28. g3 Ng6 29. Re2 h5 30. Reb2 h4 31. Kg2 hxg3 32. fxg3 Rh8 33. Nd6 g4 34. hxg4 Rg8 35. a5 a6 36. Nxb7 Ka7 37. Nc5 Rc8 38. Qb6+ Qxb6 39. Rxb6 Ka8 40. Rxa6+ Ra7 41. Rxa7+ Kxa7 42. Rb7+ Ka8 43. Rxf7 Re8 44. Rf6 Nf8 45. g5 Ka7 46. g6 Nxg6 47. Rxg6 Rf8 48. Rg7+ Ka8 49. Nd7 Rh8 50. a6 Rh7 51. Nb6+ Kb8 52. a7# 1-0

[Event "Titled Tuesday intern op 04th Feb Late"]
[Site "Chess.com INT"]
[Date "2025.02.04"]
[Round "8"]
[White "Scheglov, Gleb"]
[Black "Shuvalova, Polina"]
[Result "1-0"]
[WhiteElo "2205"]
[BlackElo "2508"]
[PlyCount "105"]
[EventDate "2025.02.04"]
[EventType "swiss (blitz)"]
[EventRounds "11"]
[EventCountry "USA"]
[SourceTitle "CB07_2025"]
[SourceDate "2025.02.12"]
[SourceVersion "1"]
[SourceVersionDate "2025.02.12"]
[SourceQuality "1"]

1. e4 c6 2. d4 d5 3. e5 Bf5 4. h4 h5 5. c4 e6 6. Nc3 Ne7 7. Nge2 Nd7 8. Ng3 Bg6 9. Bg5 Qb6 10. Rc1 dxc4 11. Bxc4 Nd5 12. 0-0 Bb4 13. Nce4 0-0 14. a3 Be7 15. Bxd5 Bxg5 16. Nxg5 cxd5 17. Nxh5 Rfc8 18. Qg4 Qxb2 19. Rxc8+ Rxc8 20. Nxe6 Rc1 21. Rxc1 Qxc1+ 22. Kh2 Qh6 23. Nexg7 Nf8 24. f4 Bxh5 25. Nxh5+ Qg6 26. Nf6+ Kg7 27. Qf3 Qc2 28. h5 Qf5 29. Qg3+ Kh6 30. Ng4+ Kh7 31. Nf6+ Kh6 32. Qh4 Ne6 33. g3 Qc2+ 34. Kh3 Qf5+ 35. Ng4+ Kh7 36. Qf6 Qxh5+ 37. Qh4 Qxh4+ 38. Kxh4 Nxd4 39. Nf6+ Kg6 40. Nxd5 Nc2 41. a4 b6 42. Kg4 Nd4 43. f5+ Nxf5 44. Nf4+ Kg7 45. Kxf5 a6 46. Nd5 b5 47. axb5 axb5 48. g4 Kf8 49. g5 Ke8 50. Kf6 Kf8 51. g6 fxg6 52. e6 b4 53. Nc7 1-0

[Event "Titled Tuesday intern op 28th Jan Early"]
[Site "Chess.com INT"]
[Date "2025.01.28"]
[Round "2"]
[White "Gulamirian, Korun"]
[Black "Scheglov, Gleb"]
[Result "0-1"]
[WhiteElo "1890"]
[BlackElo "2205"]
[PlyCount "50"]
[EventDate "2025.01.28"]
[EventType "swiss (blitz)"]
[EventRounds "11"]
[EventCountry "USA"]
[SourceTitle "CB06_2025"]
[SourceDate "2025.02.05"]
[SourceVersion "1"]
[SourceVersionDate "2025.02.05"]
[SourceQuality "1"]

1. e4 d6 2. d4 Nf6 3. Nc3 Nbd7 4. Nf3 e5 5. dxe5 dxe5 6. Bc4 Be7 7. h3 0-0 8. Be3 c6 9. Qd2 b5 10. Bb3 b4 11. Ne2 Nxe4 12. Qd3 Nec5 13. Bxc5 Bxc5 14. 0-0-0 Qe7 15. Ng3 Nf6 16. Nf5 Bxf5 17. Qxf5 e4 18. Nd4 Bxd4 19. Rxd4 a5 20. Ba4 Rad8 21. Rhd1 Rxd4 22. Rxd4 Qa7 23. Rd6 Qe7 24. Rxc6 e3 25. Qf3 e2 0-1

[Event "Titled Tuesday intern op 28th Jan Early"]
[Site "Chess.com INT"]
[Date "2025.01.28"]
[Round "6"]
[White "Hajialiyev, Islam"]
[Black "Scheglov, Gleb"]
[Result "1-0"]
[WhiteElo "2217"]
[BlackElo "2205"]
[PlyCount "99"]
[EventDate "2025.01.28"]
[EventType "swiss (blitz)"]
[EventRounds "11"]
[EventCountry "USA"]
[SourceTitle "CB06_2025"]
[SourceDate "2025.02.05"]
[SourceVersion "1"]
[SourceVersionDate "2025.02.05"]
[SourceQuality "1"]

1. Nf3 d5 2. g3 c6 3. Bg2 Bg4 4. d4 Nd7 5. 0-0 Ngf6 6. c4 e6 7. Nc3 Be7 8. Qb3 Qb6 9. c5 Qxb3 10. axb3 a6 11. b4 0-0-0 12. Bf4 Nh5 13. Be3 g6 14. Nd2 e5 15. h3 Be6 16. b5 axb5 17. b4 f6 18. Ra7 Kc7 19. Rfa1 Ng7 20. g4 h5 21. f3 hxg4 22. hxg4 Bf7 23. f4 Ne6 24. fxe5 fxe5 25. Bxd5 exd4 26. Nxb5+ Kc8 27. Bxe6 Bxe6 28. Bf4 Nf6 29. Rxb7 Nd5 30. Rxe7 Nxe7 31. Ra8+ Kd7 32. Ra7+ Ke8 33. Nd6+ Kf8 34. Bg5 Rh7 35. N2e4 Bg8 36. Nf6 Rg7 37. Bh6 Rb8 38. Nxg8 Kxg8 39. Bxg7 Nd5 40. Bxd4 Rxb4 41. e3 Rb3 42. Kf2 Rd3 43. Rg7+ Kf8 44. Rxg6 Rd1 45. Rg5 Ke7 46. Rxd5 cxd5 47. g5 Kf8 48. g6 Kg8 49. g7 Rc1 50. Nf5 1-0

[Event "Titled Tuesday intern op 28th Jan Early"]
[Site "Chess.com INT"]
[Date "2025.01.28"]
[Round "1"]
[White "Scheglov, Gleb"]
[Black "Henriquez Villagra, Cristobal"]
[Result "0-1"]
[WhiteElo "2205"]
[BlackElo "2597"]
[PlyCount "56"]
[EventDate "2025.01.28"]
[EventType "swiss (blitz)"]
[EventRounds "11"]
[EventCountry "USA"]
[SourceTitle "CB06_2025"]
[SourceDate "2025.02.05"]
[SourceVersion "1"]
[SourceVersionDate "2025.02.05"]
[SourceQuality "1"]

1. e4 d6 2. d4 Nf6 3. Nc3 e5 4. Nf3 Nbd7 5. g4 h6 6. Rg1 c6 7. a4 Qa5 8. Bd2 exd4 9. Nxd4 Qb6 10. Nb3 Ne5 11. a5 Qc7 12. h3 g5 13. Nd4 Bg7 14. Qe2 Be6 15. Nf5 Bxf5 16. gxf5 0-0-0 17. f4 Ned7 18. fxg5 hxg5 19. Bxg5 Rde8 20. a6 b5 21. Bf4 b4 22. Rxg7 bxc3 23. Bg2 cxb2 24. Rb1 Qa5+ 25. Qd2 Qa2 26. Qxd6 Qxb1+ 27. Kf2 Qxc2+ 28. Kg1 Qc5+ 0-1

[Event "Titled Tuesday intern op 28th Jan Early"]
[Site "Chess.com INT"]
[Date "2025.01.28"]
[Round "5"]
[White "Scheglov, Gleb"]
[Black "Przybylski, Wojciech"]
[Result "1-0"]
[WhiteElo "2205"]
[BlackElo "2335"]
[PlyCount "97"]
[EventDate "2025.01.28"]
[EventType "swiss (blitz)"]
[EventRounds "11"]
[EventCountry "USA"]
[SourceTitle "CB06_2025"]
[SourceDate "2025.02.05"]
[SourceVersion "1"]
[SourceVersionDate "2025.02.05"]
[SourceQuality "1"]

1. e4 c5 2. Nf3 e6 3. c3 Nf6 4. e5 Nd5 5. d4 cxd4 6. cxd4 Nc6 7. Bc4 d6 8. 0-0 Be7 9. Qe2 0-0 10. Nc3 Nxc3 11. bxc3 dxe5 12. dxe5 Qa5 13. Rb1 a6 14. Bd3 g6 15. Bf4 b5 16. h4 Bb7 17. h5 Rfd8 18. Qc2 Rxd3 19. Qxd3 Rd8 20. Qc2 b4 21. Rfe1 Rd7 22. h6 bxc3 23. Red1 Rc7 24. Bg5 Bxg5 25. Nxg5 Qxe5 26. Nf3 Qf6 27. Qd3 g5 28. Qd6 Qe7 29. Rxb7 Qxd6 30. Rxd6 Rxb7 31. Rxc6 f6 32. Rxc3 Kf7 33. Rc6 Rb2 34. Rxa6 e5 35. a4 Kg6 36. Nxe5+ Kf5 37. Nd7 Rb1+ 38. Kh2 Kg4 39. Rxf6 Ra1 40. Ne5+ Kh5 41. g4+ Kh4 42. Rf7 Rf1 43. Kg2 Ra1 44. Rxh7 Rxa4 45. Ng6+ Kxg4 46. Rf7 Kh5 47. h7 Rg4+ 48. Kf3 Rg1 49. h8Q+ 1-0

[Event "St Petersburg Korchnoi Memorial op"]
[Site "St Petersburg"]
[Date "2024.08.22"]
[Round "9"]
[White "Scheglov, Gleb"]
[Black "Alekseenko, Mariya"]
[Result "1-0"]
[WhiteElo "2093"]
[BlackElo "1970"]
[PlyCount "93"]
[EventDate "2024.08.17"]
[EventType "swiss"]
[EventRounds "9"]
[EventCountry "RUS"]
[SourceTitle "EXT 2025"]
[Source "ChessBase"]
[SourceDate "2024.10.14"]
[SourceVersion "1"]
[SourceVersionDate "2024.10.14"]
[SourceQuality "1"]

1. Nf3 d5 2. g3 Nf6 3. Bg2 Nbd7 4. c4 e6 5. 0-0 dxc4 6. Qa4 a6 7. Qxc4 b5 8. Qc2 Bb7 9. d3 c5 10. Nc3 Be7 11. a4 Qb6 12. axb5 axb5 13. Rxa8+ Bxa8 14. Be3 0-0 15. b4 Ng4 16. Bd2 cxb4 17. Na2 Qa5 18. Qb1 Rc8 19. Nxb4 Qa4 20. h3 Ngf6 21. Nd4 Bxb4 22. Qxb4 Qxb4 23. Bxb4 Bxg2 24. Kxg2 Nd5 25. Bd6 b4 26. e4 N5f6 27. Rb1 Ne8 28. Bxb4 Ne5 29. Rd1 Rd8 30. Bc5 Nxd3 31. Rxd3 e5 32. Kf3 exd4 33. Bxd4 Nc7 34. Ke3 Ne6 35. f4 Kf8 36. f5 Nxd4 37. Rxd4 Ra8 38. e5 Ra3+ 39. Kf4 Ke7 40. Rb4 g5+ 41. Kg4 h5+ 42. Kxh5 Rxg3 43. Rb7+ Ke8 44. Ra7 Kf8 45. f6 Ke8 46. e6 Rxh3+ 47. Kg4 1-0

[Event "St Petersburg Korchnoi Memorial op"]
[Site "St Petersburg"]
[Date "2024.08.20"]
[Round "7"]
[White "Scheglov, Gleb"]
[Black "Parshin, Maxim"]
[Result "1/2-1/2"]
[WhiteElo "2093"]
[BlackElo "1977"]
[PlyCount "54"]
[EventDate "2024.08.17"]
[EventType "swiss"]
[EventRounds "9"]
[EventCountry "RUS"]
[SourceTitle "EXT 2025"]
[Source "ChessBase"]
[SourceDate "2024.10.14"]
[SourceVersion "1"]
[SourceVersionDate "2024.10.14"]
[SourceQuality "1"]

1. d4 d5 2. Nf3 c5 3. g3 Nc6 4. Bg2 Nf6 5. 0-0 e6 6. c4 cxd4 7. Nxd4 Bc5 8. Nb3 Bb6 9. cxd5 exd5 10. Nc3 d4 11. Na4 0-0 12. Bg5 Re8 13. Re1 h6 14. Nxb6 axb6 15. Bxc6 bxc6 16. Bxf6 Qxf6 17. Qxd4 Qd8 18. Red1 Qc7 19. e3 c5 20. Qf4 Qb7 21. Nd2 Bh3 22. Qf3 Qc8 23. Rdc1 Bd7 24. Qe2 Bh3 25. Qf3 Bd7 26. Qe2 Bh3 27. Qf3 Bd7 1/2-1/2

[Event "St Petersburg Korchnoi Memorial op"]
[Site "St Petersburg"]
[Date "2024.08.18"]
[Round "3"]
[White "Scheglov, Gleb"]
[Black "Zubritskiy, Artyom"]
[Result "1-0"]
[WhiteElo "2093"]
[BlackElo "2453"]
[PlyCount "95"]
[EventDate "2024.08.17"]
[EventType "swiss"]
[EventRounds "9"]
[EventCountry "RUS"]
[SourceTitle "CBM 221 Extra"]
[Source "ChessBase"]
[SourceDate "2024.09.30"]
[SourceVersion "1"]
[SourceVersionDate "2024.09.30"]
[SourceQuality "1"]

1. d4 Nf6 2. Nf3 d5 3. g3 e6 4. Bg2 b5 5. 0-0 Nbd7 6. a4 b4 7. c4 bxc3 8. Nxc3 Be7 9. Bf4 c6 10. a5 Nh5 11. Bd2 Ba6 12. Qa4 Qc7 13. Rfc1 0-0 14. Na2 Rfc8 15. Bb4 Bd8 16. Rc2 Nhf6 17. Rac1 Qb7 18. Qa3 Ne4 19. Nd2 Nxd2 20. Rxd2 e5 21. Be7 exd4 22. Bxd8 Rxd8 23. Nb4 Ne5 24. Rxd4 Bxe2 25. Re1 Nc4 26. Qc3 Bh5 27. Rxc4 dxc4 28. Nxc6 Qa6 29. Qe5 Rf8 30. Ne7+ Kh8 31. Bxa8 Bg4 32. Bc6 Be6 33. Qd6 Qxa5 34. Ng6+ hxg6 35. Qxf8+ Kh7 36. Rxe6 fxe6 37. Qf4 c3 38. bxc3 Qxc3 39. Be4 Qf6 40. Qd2 Qe5 41. Qc2 Qh5 42. Qa2 Qe5 43. Qc2 Qh5 44. Kg2 a5 45. h4 Kh6 46. Qd2+ Kh7 47. Qg5 Qxg5 48. hxg5 1-0

[Event "St Petersburg Korchnoi Memorial op"]
[Site "St Petersburg"]
[Date "2024.08.17"]
[Round "2"]
[White "Tomsky, Vladislav"]
[Black "Scheglov, Gleb"]
[Result "0-1"]
[WhiteElo "1888"]
[BlackElo "2093"]
[PlyCount "109"]
[EventDate "2024.08.17"]
[EventType "swiss"]
[EventRounds "9"]
[EventCountry "RUS"]
[SourceTitle "CBM 221 Extra"]
[Source "ChessBase"]
[SourceDate "2024.09.30"]
[SourceVersion "1"]
[SourceVersionDate "2024.09.30"]
[SourceQuality "1"]

1. d4 d5 2. c4 c6 3. Nc3 Nf6 4. Nf3 g6 5. cxd5 cxd5 6. Bf4 Bg7 7. h3 0-0 8. e3 Nc6 9. Be2 Qb6 10. Qb3 Qxb3 11. axb3 Bf5 12. 0-0 Rfc8 13. Rfc1 Nb4 14. Ne1 h5 15. f3 Bd7 16. Nd3 Nxd3 17. Bxd3 e6 18. Be5 Ne8 19. Bxg7 Kxg7 20. Kf2 Nd6 21. h4 a6 22. Ke2 Rc6 23. Kd2 Rb6 24. Bc2 Rc8 25. Ne2 Bb5 26. Nf4 Rbc6 27. Nd3 Bxd3 28. Bxd3 Kf6 29. Re1 e5 30. dxe5+ Kxe5 31. Rg1 Rb6 32. Bc2 Rb4 33. g3 Ke6 34. Rae1 Rc5 35. Rg2 Kf6 36. Rf2 Nf5 37. Rg2 Rc7 38. Kd1 Nd6 39. Rd2 Ke6 40. Ke2 Nc8 41. Kf2 Ne7 42. Kg2 Rb6 43. e4 dxe4 44. Rxe4+ Kf6 45. Bd3 Rxb3 46. Rf4+ Nf5 47. Bxf5 gxf5 48. Rd5 Rxb2+ 49. Kh3 Kg6 50. Rdxf5 Rb5 51. Rf6+ Kg7 52. g4 hxg4+ 53. Kxg4 Rb1 54. R4f5 Rg1+ 55. Kh5 0-1

[Event "RUS-ch Rapid"]
[Site "Sochi"]
[Date "2023.10.15"]
[Round "1"]
[White "Bocharov, Dmitry"]
[Black "Scheglov, Gleb"]
[Result "1-0"]
[WhiteElo "2519"]
[BlackElo "2009"]
[PlyCount "147"]
[EventDate "2023.10.15"]
[EventType "swiss (rapid)"]
[EventRounds "11"]
[EventCountry "RUS"]
[SourceTitle "CBM 216 Extra"]
[Source "ChessBase"]
[SourceDate "2023.11.30"]
[SourceVersion "1"]
[SourceVersionDate "2023.11.30"]
[SourceQuality "1"]

1. c4 c6 2. d4 d5 3. Nf3 Nf6 4. g3 g6 5. Bg2 Bg7 6. cxd5 cxd5 7. Ne5 0-0 8. Nc3 Nc6 9. Nxc6 bxc6 10. 0-0 Qa5 11. Bf4 Ba6 12. Qd2 Rad8 13. Rfd1 Rfe8 14. Rac1 Nh5 15. Bg5 Rd7 16. b3 e5 17. Na4 Qxd2 18. Rxd2 exd4 19. Nc5 Bc8 20. Nxd7 Bxd7 21. g4 Bxg4 22. Rxc6 h6 23. f3 hxg5 24. fxg4 Nf4 25. Bf3 Be5 26. Rdc2 Kg7 27. Rc8 Re7 28. Kf1 Bf6 29. R8c7 Re3 30. Kf2 Nh3+ 31. Kg3 Be5+ 32. Kxh3 d3 33. exd3 Bxc7 34. Rxc7 Rxf3+ 35. Kg2 Rxd3 36. Rxa7 Rd2+ 37. Kg3 Kf6 38. b4 Rb2 39. a3 Ke5 40. Rxf7 d4 41. Rf2 Rb1 42. Ra2 Ke4 43. a4 Ke3 44. a5 Rxb4 45. a6 Rb8 46. a7 Ra8 47. Kg2 Kd3 48. Kf2 Kc3 49. Ke2 Re8+ 50. Kd1 Ra8 51. Ra6 Kd3 52. Ra3+ Ke4 53. Kd2 Kf4 54. h3 Ke4 55. Ke2 Kd5 56. Kd3 Kc5 57. Ra1 Kd5 58. Ra5+ Kc6 59. Kxd4 Kb6 60. Ra3 Kb7 61. Ke5 Re8+ 62. Kf6 Ka8 63. Kxg5 Re6 64. Kh6 Rb6 65. g5 Rc6 66. h4 Rc4 67. Kxg6 Rxh4 68. Kg7 Rg4 69. g6 Rg1 70. Ra6 Rg2 71. Kf7 Rc2 72. g7 Rc7+ 73. Kg6 Rc8 74. Rf6 1-0

[Event "St Petersburg Korchnoi Memorial op"]
[Site "St Petersburg"]
[Date "2023.08.22"]
[Round "7"]
[White "Rubtsov, Aleksandr1"]
[Black "Scheglov, Gleb"]
[Result "1/2-1/2"]
[WhiteElo "1789"]
[BlackElo "2061"]
[PlyCount "146"]
[EventDate "2023.08.18"]
[EventType "swiss"]
[EventRounds "9"]
[EventCountry "RUS"]
[SourceTitle "CBM 216 Extra"]
[Source "ChessBase"]
[SourceDate "2023.11.30"]
[SourceVersion "1"]
[SourceVersionDate "2023.11.30"]
[SourceQuality "1"]

1. e4 c6 2. d4 d5 3. Nd2 dxe4 4. Nxe4 Nf6 5. Nxf6+ exf6 6. c3 Bd6 7. Bd3 0-0 8. Qc2 Re8+ 9. Ne2 h5 10. Be3 h4 11. 0-0-0 Nd7 12. Kb1 Nf8 13. c4 Be6 14. Nc3 Bb4 15. d5 cxd5 16. cxd5 Bg4 17. Be2 Qd7 18. Rd4 Bf5 19. Bd3 Bxd3 20. Qxd3 Bxc3 21. Qxc3 Ng6 22. Rhd1 Rac8 23. Qb3 b6 24. a3 Qd6 25. g3 hxg3 26. hxg3 Red8 27. Bd2 Qe5 28. Bc3 Rd7 29. a4 Rcd8 30. Bb4 Qf5+ 31. Qc2 Qf3 32. d6 Re8 33. Ka2 Ne5 34. Rh4 Ng6 35. Re1 Qd5+ 36. b3 Rf8 37. Rc4 Ne5 38. Rd1 Qf3 39. Rf4 Qc6 40. Qxc6 Nxc6 41. Ba3 Re8 42. Rh1 Re2+ 43. Kb1 Ne5 44. Rfh4 g5 45. Rh8+ Kg7 46. f4 Nd3 47. f5 Re1+ 48. Rxe1 Nxe1 49. Rc8 Nf3 50. Rc7 Ne5 51. Kc2 Kh6 52. Rxd7 Nxd7 53. Kd3 Kh5 54. Ke4 Kg4 55. Bb2 Kxg3 56. Kd5 Kf4 57. Kc6 Nf8 58. d7 Nxd7 59. Kxd7 Kxf5 60. Ke7 g4 61. Bxf6 Ke4 62. Kxf7 Kd3 63. Ke6 Kc2 64. b4 Kb3 65. a5 Kxb4 66. axb6 axb6 67. Kf5 g3 68. Kf4 g2 69. Bd4 b5 70. Kf3 Kc4 71. Be3 b4 72. Kxg2 b3 73. Bc1 Kd3 1/2-1/2

[Event "Chigorin Memorial 29th"]
[Site "St Petersburg"]
[Date "2022.10.30"]
[Round "9"]
[White "Scheglov, Gleb"]
[Black "Klachkou, Platon"]
[Result "1/2-1/2"]
[WhiteElo "1822"]
[BlackElo "2116"]
[PlyCount "81"]
[EventDate "2022.10.22"]
[EventType "swiss"]
[EventRounds "9"]
[EventCountry "RUS"]
[SourceTitle "EXT 2024"]
[Source "ChessBase"]
[SourceDate "2023.10.10"]
[SourceVersion "1"]
[SourceVersionDate "2023.10.10"]
[SourceQuality "1"]

1. d4 Nf6 2. g3 g6 3. Bg2 Bg7 4. Nf3 0-0 5. 0-0 d5 6. c4 c6 7. b3 dxc4 8. bxc4 c5 9. Bb2 Qb6 10. Qc1 Ne4 11. e3 Na6 12. Ne5 Nd6 13. Nd2 Bf5 14. Nb3 Rac8 15. g4 Be6 16. d5 Bxe5 17. dxe6 f6 18. Bxe5 fxe5 19. Qc3 e4 20. Nd2 Nc7 21. Rab1 Qa6 22. Qe5 Rf6 23. Nxe4 Rxe6 24. Qf4 Nxe4 25. Bxe4 Rf8 26. Qxc7 Rxe4 27. h3 b6 28. Rbc1 Rxc4 29. Qxe7 Rxc1 30. Rxc1 Qxa2 31. Rf1 Qf7 32. Qd6 Qf3 33. Qe6+ Qf7 34. Qd6 Qf3 35. Qe6+ Rf7 36. e4 Kg7 37. Qe5+ Kh6 38. Qe6 Kg7 39. Qe5+ Kh6 40. Qe6 Kg7 41. Qe5+ 1/2-1/2